JRが2社乗り入れている駅 - Statistics

General Stats
  • This quiz has been taken 920 times
    900 since last reset
  • The average score is 18 of 22
Answer Stats
Answer 乗り入れている会社と路線 % Correct
東京 東日本(京葉線など)、東海(東海道新幹線)
96%
熱海 東日本、東海(東海道本線など)
95%
新青森 北海道(北海道新幹線)、東日本(津軽線など)
92%
博多 西日本(山陽新幹線など)、九州(九州新幹線など)
92%
米原 東海、西日本(東海道本線など)
91%
新大阪 東海(東海道新幹線)、西日本(おおさか東線など)
91%
品川 東日本(山手線など)、東海(東海道新幹線)
89%
新横浜 東日本(横浜線)、東海(東海道新幹線)
88%
小田原 東日本(東海道本線)、東海(東海道新幹線)
87%
小倉 西日本(山陽新幹線)、九州(日豊本線など)
86%
京都 東海(東海道新幹線)、西日本(奈良線など)
83%
塩尻 東日本、東海(中央本線など)
79%
下関 西日本、九州(山陽本線)
78%
上越妙高 東日本、西日本(北陸新幹線)
76%
児島 西日本、四国(本四備讃線)
72%
南小谷 東日本、西日本(大糸線)
71%
国府津 東日本(東海道本線)、東海(御殿場線)
69%
甲府 東日本(中央本線)、東海(身延線)
69%
亀山 東海、西日本(関西本線など)
68%
新宮 東海、西日本(紀勢本線)
66%
辰野 東日本(中央本線辰野支線)、東海(飯田線)
62%
猪谷 東海、西日本(高山本線)
60%
No matching quizzes found
Score Distribution
Percent of People with Each Score
Percentile by Number Answered
Your Score History
You have not taken this quiz since the last reset